000 00727nam a2200289Ia 4500
005 20260324120619.0
008 008 260324s9999 xx 000 0 eng d
020 _a9781315552095
037 _aEBOOK
040 _aCRL
040 _beng
040 _cCRL
041 _2eng
041 _aeng
084 _qCRL
100 _aMary Ann Tétreault; Rachid Ouaissa; Hartmut Elsenhans
_91159272
245 4 _aThe Transformation of Politicised Religion
245 0 _bFrom Zealots into Leaders
260 _bTaylor and Francis
260 _c2015
365 _a
365 _b230
856 _uhttp://www.taylorfrancis.com/books/9781315552095
942 _cEBOOK
999 _c1750895
_d1750895